|
|
|
|
| LEADER |
00000nam a2200000 4500 |
| 001 |
vtls011991948 |
| 003 |
SK-MaSNL |
| 005 |
20260301145831.0 |
| 008 |
220509s2020 xo ao grn 000 0 slo |
| 015 |
|
|
|a SNBA2021/08
|
| 020 |
|
|
|a 9788055221694
|q (brožované)
|
| 035 |
|
|
|a urn:nbn:sk:snk-am00ger1
|
| 035 |
|
|
|a urn:nbn:sk:snk-am3j6m4
|
| 035 |
|
|
|a 796A2EB7-DA6F-4878-B245-B8688138A4AE
|
| 040 |
|
|
|a SNK
|b slo
|c SNK
|e rda
|
| 041 |
0 |
|
|a slo
|
| 044 |
|
|
|a xo
|c SK
|
| 072 |
|
7 |
|a 58
|x Botanika
|2 konspekt
|
| 080 |
|
|
|a 81'373.46
|2 2011
|
| 080 |
|
|
|a 582
|2 2011
|
| 080 |
|
|
|a (048.8)
|2 2011
|
| 080 |
|
|
|a 633/635
|2 2011
|
| 100 |
1 |
|
|a Brindza, Jan,
|d 1949-
|4 aut
|4 com
|9 190637
|
| 245 |
1 |
0 |
|a Názvy úžitkových druhov rastlín vo vybraných jazykoch
|c Ján Brindza, Vladimíra Horčinová Sedláčková, Olga Grygorieva ; odborná spolupráca na publikácii: Svitlana Klimenko, Alla Kuklina, Liudmyla Svydenko, Olena Vergun, Erka Mňahončáková, Radovan Ostrovský, Eva Ivanišová, Petra Dítětová
|
| 250 |
|
|
|a Vydanie prvé
|
| 264 |
|
1 |
|a Nitra
|b Slovenská poľnohospodárska univerzita v Nitre
|c 2020
|
| 300 |
|
|
|a 227 strán
|b fotografie, tabuľky
|
| 336 |
|
|
|a text
|b txt
|2 rdacontent
|
| 336 |
|
|
|a statický obraz
|b sti
|2 rdacontent
|
| 337 |
|
|
|a bez média
|b n
|2 rdamedia
|
| 338 |
|
|
|a zväzok
|b nc
|2 rdacarrier
|
| 490 |
1 |
|
|a Agrobiodiverzita pre zlepšenie výživy, zdravia a kvality života
|
| 504 |
|
|
|a Bibliografia na strane 217-219
|
| 650 |
0 |
7 |
|a úžitkové rastliny
|2 SNKPH
|9 69960
|
| 650 |
0 |
7 |
|a odborná terminológia
|2 SNKPH
|9 3616
|
| 650 |
0 |
7 |
|a systematická botanika
|2 SNKPH
|9 692
|
| 650 |
0 |
7 |
|a Terminology (professional)
|2 SNKPHeng
|9 90966
|
| 650 |
0 |
7 |
|a Systematic botany
|2 SNKPHeng
|9 320310
|
| 650 |
0 |
7 |
|a Useful plants
|2 SNKPHeng
|9 268448
|
| 655 |
|
7 |
|a monografie
|2 SNKPH
|9 70139
|
| 655 |
|
7 |
|a Monographs
|2 SNKPHeng
|9 120675
|
| 700 |
1 |
|
|a Horčinová Sedláčková, Vladimíra
|4 aut
|4 com
|9 506187
|
| 700 |
1 |
|
|a Grygorieva, Olga
|4 aut
|4 com
|9 344340
|
| 700 |
1 |
|
|a Klimenko, Svetlana
|4 clb
|9 506188
|
| 700 |
1 |
|
|a Kuklina, Alla
|4 clb
|9 506189
|
| 700 |
1 |
|
|a Svydenko, Liudmyla
|4 clb
|9 506190
|
| 700 |
1 |
|
|a Vergun, Olena
|4 clb
|9 506191
|
| 700 |
1 |
|
|a Mňahončáková, Erika,
|d 1980-
|4 clb
|9 194925
|
| 700 |
1 |
|
|a Ostrovský, Radovan
|4 clb
|9 506074
|
| 700 |
1 |
|
|a Ivanišová, Eva
|4 clb
|9 339196
|
| 700 |
1 |
|
|a Dítětová, Petra
|4 clb
|9 506192
|
| 810 |
2 |
|
|a Slovenská poľnohospodárska univerzita v Nitre
|t Agrobiodiverzita pre zlepšenie výživy, zdravia a kvality života
|9 506193
|
| 919 |
|
|
|a 978-80-552-2169-4
|
| 958 |
|
|
|a NB
|
| 999 |
|
|
|c 781521
|d 783451
|
| 952 |
|
|
|a SNK
|b SNK
|y PREZ
|7 0
|p 17A1443036
|o snkSD 89348
|i snk2020/16127
|8 0
|0 0
|1 0
|4 0
|d 2020-09-11
|f 1
|l 0
|r 2026-02-24 01:06:57
|w 2026-02-24
|
| 952 |
|
|
|a SNK
|b SNK
|y VYP
|7 0
|p 17A1443037
|o snkSD 89348 D1
|i snk2020/16128
|8 0
|0 0
|1 0
|4 0
|d 2020-09-11
|l 0
|r 2026-02-24 01:06:57
|w 2026-02-24
|